000 00568nam a2200241Ia 4500
003 OSt
005 20220912145721.0
006 a|||||r|||| 00| 0
007 ta
008 220909b |||||||| |||| 00| 0 eng d
024 _a74238
037 _cTextbook
040 _aCSL
_beng
_cCSL
041 _aeng
082 _aA:R, K02
100 _aCollingwood Francis J
245 0 _aPhilosophy of nature
260 _c1960
300 _ap.
_ccm.
650 _aScience
942 _hA:R, K02
_cTB
_2CC
999 _c36941
_d36941